Canti storici (Lp 33001) (Record n. 104049)

Dettagli MARC
000 -LEADER
fixed length control field 02813njm a2200493Ia 4500
001 - CONTROL NUMBER
control field 23932
003 - CONTROL NUMBER IDENTIFIER
control field IT-RoPAU
005 - DATE AND TIME OF LATEST TRANSACTION
control field 20220918181217.0
008 - FIXED-LENGTH DATA ELEMENTS--GENERAL INFORMATION
fixed length control field 131025s9999 xx 000 0 und d
040 ## - CATALOGING SOURCE
Original cataloging agency IT-RoPAU
040 ## - CATALOGING SOURCE
Transcribing agency IT-RoPAU
041 ## - LANGUAGE CODE
Language code of text/sound track or separate title ITALIANO
999 ## - SYSTEM CONTROL NUMBERS (KOHA)
Koha Dewey Subclass [OBSOLETE] n.d.
100 ## - MAIN ENTRY--PERSONAL NAME
Personal name AA.VV.
9 (RLIN) 794
100 ## - MAIN ENTRY--PERSONAL NAME
Relator term Autore musica
9 (RLIN) 7628
100 ## - MAIN ENTRY--PERSONAL NAME
Miscellaneous information Codice autore musica SPICS: 12000
9 (RLIN) 796
245 ## - TITLE STATEMENT
Title Canti storici (Lp 33001)
250 ## - EDITION STATEMENT
Edition statement 1a ed.
260 ## - PUBLICATION, DISTRIBUTION, ETC. (IMPRINT)
Place of publication, distribution, etc. ITALIA
260 ## - PUBLICATION, DISTRIBUTION, ETC. (IMPRINT)
Name of publisher, distributor, etc. PUBLIDISCO
Date of publication, distribution, etc. 1964 [1a Ed.:1964]
300 ## - PHYSICAL DESCRIPTION
Extent DISCO
500 ## - GENERAL NOTE
General note Canti storici. Musica popolare.
505 ## - FORMATTED CONTENTS NOTE
Formatted contents note Fischia il sasso - Canto degli arditi - Marcia delle legioni - Camerata Richard - Battaglioni M. - Giovinezza - Faccetta nera - Adua - Caro papà - Lili Marlen - Sagra di Giarabub - Ciao biondina -
511 ## - PARTICIPANT OR PERFORMER NOTE
Participant or performer note Direttore d'orchestra: Valci Marcello
650 ## - SUBJECT ADDED ENTRY--TOPICAL TERM
Topical term or geographic name as entry element POPOLARE [DISCHI]
Relator term Codice MATERIA SPICS: 9950
9 (RLIN) 7629
700 ## - ADDED ENTRY--PERSONAL NAME
Personal name Coro Publidisco
Dates associated with a name Codice interprete SPICS: 14062
Relator term Interprete
9 (RLIN) 7630
700 ## - ADDED ENTRY--PERSONAL NAME
Personal name Blanc
Dates associated with a name Codice autore musica SPICS: 14195
Relator term Autore musica
Name of part/section of a work Fischia il sasso - Marcia delle legioni - Giovinezza
9 (RLIN) 7631
700 ## - ADDED ENTRY--PERSONAL NAME
Personal name Anonimo
Dates associated with a name Codice autore musica SPICS: 2620
Relator term Autore musica
Name of part/section of a work Canto degli arditi
9 (RLIN) 7632
700 ## - ADDED ENTRY--PERSONAL NAME
Personal name Bravetta
Dates associated with a name Codice autore testo/musica SPICS: 14196
Relator term Autore testo/musica
Name of part/section of a work Marcia delle legioni
9 (RLIN) 7633
700 ## - ADDED ENTRY--PERSONAL NAME
Personal name Simeon Ennio
Dates associated with a name Codice autore musica SPICS: 21124
Relator term Autore musica
Name of part/section of a work Camerata Richard
9 (RLIN) 7634
700 ## - ADDED ENTRY--PERSONAL NAME
Personal name Ruccione Mario
Dates associated with a name Codice autore musica SPICS: 13479
Relator term Autore musica
Name of part/section of a work Camerata Richard - Faccetta nera - Sagra di Giarabub
9 (RLIN) 7635
700 ## - ADDED ENTRY--PERSONAL NAME
Personal name De Torres Ferrante Alvaro
Dates associated with a name Codice autore testo/musica SPICS: 13636
Relator term Autore testo/musica
Name of part/section of a work Camerata Richard - Sagra di Giarabub
9 (RLIN) 7636
700 ## - ADDED ENTRY--PERSONAL NAME
Personal name Pellegrino Francesco
Dates associated with a name Codice autore musica SPICS: 13551
Relator term Autore musica
Name of part/section of a work Battaglioni M.
9 (RLIN) 7637
700 ## - ADDED ENTRY--PERSONAL NAME
Personal name Micheli Giuseppe
Dates associated with a name Codice autore testo/musica SPICS: 13556
Relator term Autore testo/musica
Name of part/section of a work Faccetta nera
9 (RLIN) 7638
700 ## - ADDED ENTRY--PERSONAL NAME
Personal name Rastelli Nino
Dates associated with a name Codice autore musica SPICS: 13482
Relator term Autore musica
Name of part/section of a work Adua
9 (RLIN) 7639
700 ## - ADDED ENTRY--PERSONAL NAME
Personal name Olivieri Dino
Dates associated with a name Codice autore testo/musica SPICS: 13481
Relator term Autore testo/musica
Name of part/section of a work Adua
9 (RLIN) 7640
700 ## - ADDED ENTRY--PERSONAL NAME
Personal name Filippini Gino
Dates associated with a name Codice autore musica SPICS: 13503
Relator term Autore musica
Name of part/section of a work Caro papà
9 (RLIN) 7641
700 ## - ADDED ENTRY--PERSONAL NAME
Personal name Manlio Tito
Dates associated with a name Codice autore testo/musica SPICS: 13497
Relator term Autore testo/musica
Name of part/section of a work Caro papà
9 (RLIN) 7642
700 ## - ADDED ENTRY--PERSONAL NAME
Personal name Schultze Norbert
Dates associated with a name Codice autore musica SPICS: 13568
Relator term Autore musica
Name of part/section of a work Lili Marlen
9 (RLIN) 7643
700 ## - ADDED ENTRY--PERSONAL NAME
Personal name Leip
Dates associated with a name Codice autore testo/musica SPICS: 14197
Relator term Autore testo/musica
Name of part/section of a work Lili Marlen
9 (RLIN) 7644
700 ## - ADDED ENTRY--PERSONAL NAME
Personal name Benedetto
Dates associated with a name Codice autore musica SPICS: 13364
Relator term Autore musica
Name of part/section of a work Ciao biondina
9 (RLIN) 7645
700 ## - ADDED ENTRY--PERSONAL NAME
Personal name Sordi
Dates associated with a name Codice autore testo/musica SPICS: 13365
Relator term Autore testo/musica
Name of part/section of a work Ciao biondina
9 (RLIN) 7646
942 ## - ADDED ENTRY ELEMENTS (KOHA)
Koha item type DISCHI
Source of classification or shelving scheme Dewey Decimal Classification
Dati di copia
Withdrawn status Lost status Damaged status Not for loan Home library Current library Date acquired Total Checkouts Full call number Date last seen Price effective from Koha item type Public note
    Buone Condizioni Not For Loan SPICS-MEDIATECA SPICS-MEDIATECA 25/10/2013   23932 25/10/2013 25/10/2013 DISCHI Progr. Ins.: 4779 / N.Vol.: 1 / Copie: 1 - Copia rara: n.d. / date import: 01.01.2014 - By Epidotti, Trombetti, Vaglietti
CREDITS: SOCIETA' SAN PAOLO Via A.Severo, 58 - ROMA (RM) & PERIODICI SAN PAOLO SRL Via Giotto, 36 MILANO & CISF Via Giotto, 36 MILANO & EDIZIONI SAN PAOLO SRL,  Piazza Soncino, 5 CINISELLO BALSAMO (MI) -- ITALY